000 00668nam a2200229 i 4500
001 C2-0304420
003 PPAK
005 20180728085502.0
008 100520s xx a|||| ||||| | may d
040 _aPPAK
_beng
_cPPAK
_erda
082 0 4 _a899.23301
_223
090 0 0 _a899.23301
_bAZI
_dKK
100 0 _aAzizi Haji Abdullah,
_d1942-2011
_eauthor
245 1 0 _aSeorang Melayu di tengah bandar raya
300 _a6 pages :
_billustrations ;
_c30 cm
336 _2rdacontent
_atext
337 _2rdamedia
_aunmediated
338 _2rdacarrier
_avolume
500 _apetikan dari majalah Dewan Sastera - Disember 2009
650 1 0 _aShort stories
942 _ddc
_cB
999 _c107554
_d107554